00655nam a2200169 a 450000100100000000500170001000800410002704000250006808200160009310000380010924501010014726000310024830000270027950000420030695201200034899900170046800001851320200929165821.0100511s1968 xxu r 000 0 spa d aDO-SdBNPbspacBNPHU axxxxbB786i1 aBowen, Desmond,d1921-199894004714aThe idea of the Victorian Church :ba study of the church of England 1833-1889 /cDesmond Bowen. aMontreal :bMcGill,c1968. axiii, 421 p. ;c25 cm. aIncluye notas al pie de las páginas 001054708MOaGRbGRcCTd2010-05-11iLF1l0oxxxx B786ip18513-10r2020-06-25w2020-06-25y4ZPréstamo en sala c18033d18033